000 00702nam a2200205 a 4500
999 _c956
_d956
001 956
003 CDMR
005 20241128152048.0
008 130130s1992||||||||||||||||||||||||||||d
020 _a8460429644
040 _aCDMR
_bcat
_cCPC GIRONA
100 1 _aRoglan, Joaquim
_9746
245 1 3 _aEl Grup Democràtic de Periodistes (1966-1976)
_b: crònica d'un periodisme esperançat
_c/ Joaquim Roglan
260 _aBarcelona :
_bDiputació de Barcelona :
_bCol·legi de periodistes de Catalunya,
_c1992
300 _a131 p.
490 0 _aVaixells de Paper
_v; 12
610 0 _94993
_aGrup Democràtic de Periodistes
650 0 _93172
_aPeriodisme
_zCatalunya
_xHistòria
_y1966-1976
942 _cMON
_2udc